| 000 | 00414nam a2200181Ia 4500 | ||
|---|---|---|---|
| 001 | 23840 | ||
| 005 | 20260414151004.0 | ||
| 008 | 260414t1978||||xx |||||||||||||| ||spa|| | ||
| 041 | _aESP | ||
| 082 |
_a720.1 _bB74 |
||
| 100 |
_aBorobio, Luis _eAUT |
||
| 245 | 0 |
_aEl ámbito del hombre _b |
|
| 260 | _c1978 | ||
| 300 |
_a142 páginas : _c18 cm. |
||
| 650 | _aABD | ||
| 654 | _aCAU | ||
| 942 |
_cLIB _dJUS _fJUS _2ddc _n |
||
| 999 |
_c23840 _d23840 |
||